| 000 -CABECERA |
| campo de control de longitud fija |
00780cam a22003014a 4500 |
| 001 - NÚMERO DE CONTROL |
| campo de control |
YPZ92388 |
| 003 - IDENTIFICADOR DEL NÚMERO DE CONTROL |
| campo de control |
YPZ |
| 005 - FECHA Y HORA DE LA ÚLTIMA TRANSACCIÓN |
| campo de control |
20240507090843.0 |
| 008 - DATOS DE LONGITUD FIJA--INFORMACIÓN GENERAL |
| campo de control de longitud fija |
100302|###########||||||b||||||||||spa|d |
| 020 ## - NÚMERO INTERNACIONAL ESTÁNDAR DEL LIBRO |
| Número Internacional Estándar del Libro |
9505727240 |
| 040 ## - FUENTE DE LA CATALOGACIÓN |
| Centro/agencia transcriptor |
SIUNPA |
| Lengua de catalogación |
spa |
| Normas de descripción |
AACR2 |
| 041 ## - CÓDIGO DE LENGUA |
| Código de lengua del texto/banda sonora o título independiente |
spa |
| 044 ## - CÓDIGO DEL PAÍS DE LA ENTIDAD EDITORA/PRODUCTORA |
| Código MARC del país |
ag |
| 080 ## - NÚMERO DE LA CLASIFICACIÓN DECIMAL UNIVERSAL |
| Número de la Clasificación Decimal Universal |
347.249 A691c10 |
| 110 ## - ENTRADA PRINCIPAL--NOMBRE DE ENTIDAD CORPORATIVA |
| Nombre de entidad corporativa o nombre de jurisdicción como elemento de entrada |
Argentina. Leyes, etc.. |
| 245 ## - MENCIÓN DE TÍTULO |
| Título |
Código de minería |
| Resto del título |
: (comentado) |
| Mención de responsabilidad, etc. |
/ comentarios Edmundo F. Catalano |
| 250 ## - MENCIÓN DE EDICIÓN |
| Mención de edición |
10a. ed. |
| 260 ## - PUBLICACIÓN, DISTRIBUCIÓN, ETC. |
| Lugar de publicación, distribución, etc. |
Buenos Aires |
| Nombre del editor, distribuidor, etc. |
: Zavalia |
| Fecha de publicación, distribución, etc. |
, 2006 |
| 300 ## - DESCRIPCIÓN FÍSICA |
| Extensión |
584 p. |
| 650 ## - PUNTO DE ACCESO ADICIONAL DE MATERIA--TÉRMINO DE MATERIA |
| Término de materia o nombre geográfico como elemento de entrada |
MINERIA |
| 650 ## - PUNTO DE ACCESO ADICIONAL DE MATERIA--TÉRMINO DE MATERIA |
| Término de materia o nombre geográfico como elemento de entrada |
LEGISLACION |
| 650 ## - PUNTO DE ACCESO ADICIONAL DE MATERIA--TÉRMINO DE MATERIA |
| Término de materia o nombre geográfico como elemento de entrada |
LEY 17319 |
| 650 ## - PUNTO DE ACCESO ADICIONAL DE MATERIA--TÉRMINO DE MATERIA |
| Término de materia o nombre geográfico como elemento de entrada |
LEY 24145 |
| 650 ## - PUNTO DE ACCESO ADICIONAL DE MATERIA--TÉRMINO DE MATERIA |
| Término de materia o nombre geográfico como elemento de entrada |
DECRETO 6803/68 |
| 651 #0 - PUNTO DE ACCESO ADICIONAL DE MATERIA--NOMBRE GEOGRÁFICO |
| 9 (RLIN) |
53 |
| Nombre geográfico |
ARGENTINA |
| 700 ## - PUNTO DE ACCESO ADICIONAL--NOMBRE DE PERSONA |
| Código de función/relación |
, comentarios |
| Nombre de persona |
Catalano, Edmundo F. |
| 942 ## - ELEMENTOS DE PUNTO DE ACCESO ADICIONAL (KOHA) |
| Tipo de ítem Koha |
Libros |
| Fuente del sistema de clasificación o colocación |
|